UK Residential Market Survey (Record no. 121348)

MARC details
000 -LEADER
fixed length control field 00928nam a22001817a 4500
008 - FIXED-LENGTH DATA ELEMENTS--GENERAL INFORMATION
fixed length control field 230201s2023 xxk|||||o|||| 00| 0 eng d
041 ## - LANGUAGE CODE
Language code of text/sound track or separate title eng
110 ## - MAIN ENTRY--CORPORATE NAME
Corporate author Royal Institution of Chartered Surveyors
245 ## - TITLE STATEMENT
Title UK Residential Market Survey
Subtitle December 2022
Medium [Electronic resource]
260 ## - PUBLICATION INFORMATION
Place of publication London,
Publisher Royal Institution of Chartered Surveyors,
Date January 2023
300 ## - PHYSICAL DESCRIPTION
Physical description 19p
490 ## - SERIES TITLE
Series statement RICS UK Residential Market Survey
520 ## - ABSTRACT
Abstract Housing market activity continues to weaken. The December 2022 RICS UK Residential Survey results point to a further weakening in sales market activity to end the year.
651 ## - SUBJECT ADDED ENTRY--GEOGRAPHIC NAME
Geographic name United Kingdom
710 ## - ADDED CORPORATE NAME
Added corporate author Royal Institution of Chartered Surveyors
856 ## - ONLINE RESOURCE
Uniform Resource Identifier <a href="https://www.rics.org/globalassets/rics-website/media/knowledge/research/market-surveys/uk-residential-market-surveys/december-2022---rics-uk-residential-market-survey.pdf">https://www.rics.org/globalassets/rics-website/media/knowledge/research/market-surveys/uk-residential-market-surveys/december-2022---rics-uk-residential-market-survey.pdf</a>
Public note Available free on RICS.org
942 ## - ADDED ENTRY ELEMENTS (KOHA)
Suppress in OPAC Do not suppress in OPAC
Holdings
Lost status Source of classification or shelving scheme Damaged status Not for loan Current library Shelving location Date acquired Total Checkouts Full call number Date last seen Price effective from Koha item type
  Dewey Decimal Classification     Virtual Online 01/02/2023   MARKET DATA 01/02/2023 01/02/2023 Online material